| 000 | 01153nam a22003497a 4500 | ||
|---|---|---|---|
| 003 | CHAP | ||
| 005 | 20220817044057.0 | ||
| 008 | 060313d2004 it r 00110 eng d | ||
| 010 | _a91672 | ||
| 011 | _a92644 | ||
| 035 | _a103209 | ||
| 040 | _cCHAP | ||
| 082 | 0 | 4 |
_a632.93 _bF3 v.180 |
| 110 | 0 | _aFAO | |
| 245 | 1 | 0 |
_aSeed multiplication by resource-limited farmers : _bproceedings of the Latin American Workshop _c/by FAO |
| 260 |
_aRome : _bFAO, _c2004. |
||
| 300 | _a86 p. | ||
| 490 | 0 |
_aFAO. Producción y protección vegetal _v; 180 |
|
| 590 |
_aBATCH-UPD _b10 _c20130110 _lUCH01 _h1559 |
||
| 590 |
_aBATCH-UPD _b10 _c20130410 _lUCH01 _h0956 |
||
| 590 |
_aBATCH-UPD _b10 _c20130914 _lUCH01 _h1429 |
||
| 590 |
_aCONVERSION _b10 _c20130109 _lUCH01 _h1351 |
||
| 650 | 0 | 4 | _aForrajes. |
| 650 | 0 | 4 |
_aSemillas forrajeras. _9103942 |
| 650 | 0 | 4 |
_aSemillas _xProducción. _9103927 |
| 711 | 2 |
_aLatin American Workshop _d(2003 : _cGoiania, Brazil) _965075 |
|
| 830 | 0 |
_aFAO. Producción y protección vegetal _v; 180 _939654 |
|
| 901 | _aBK | ||
| 905 | _aLilia | ||
| 942 | _cLIBRO | ||
| 949 |
_a632.93 F3 v.180 _bBC _cFAO _d33724000968087 _eFAO1 _h107665 _i103209 _sb |
||
| 999 |
_c91672 _d91672 |
||